Account of A Voyage of Discovery to the West Coast of Corea and the Great Loo-Choo Island
Guardat en:
| Autor principal: | |
|---|---|
| Format: | Llibre |
| Idioma: | anglès japonès |
| Publicat: |
Londres
John Murray, Albemarle-Street
1818
|
| Edició: | 1a. ed |
| Matèries: | |
| Accés en línia: | ilustración: sulphur island |
| Etiquetes: |
Afegir etiqueta
Sense etiquetes, Sigues el primer a etiquetar aquest registre!
|
MARC
| LEADER | 00000nam a2200000 a 4500 | ||
|---|---|---|---|
| 001 | UCJ8325 | ||
| 003 | CL-VaPUC | ||
| 008 | 070124e18180000UK |||||||||||||||||eng|d | ||
| 041 | 0 | 7 | |a eng |2 CL-VaPUC |
| 041 | 0 | 7 | |a jpn |2 CL-VaPUC |
| 082 | 0 | 4 | |a 910.4 |b HAL |2 21 |
| 100 | 0 | |a Hall, Basil |e author |9 510471 | |
| 245 | 1 | 0 | |a Account of A Voyage of Discovery to the West Coast of Corea and the Great Loo-Choo Island |
| 250 | |a 1a. ed | ||
| 300 | |a 222, cxlv p | ||
| 942 | |c BK | ||
| 945 | |d 20070124 00:00:00 |a rinostro | ||
| 260 | |a Londres |b John Murray, Albemarle-Street |c 1818 | ||
| 500 | |a 4§, pasta.- h. prel.- Front.: Sulphur Island.- Port.- v. b.- Dedicatoria | ||
| 500 | |a Advierte errata | ||
| 500 | |a Ilustraciones y mapas conforme a lo señalado en Indice | ||
| 600 | 0 | 7 | |a CLIFFORD, HUGH J |2 CL-VaPUC |9 517100 |
| 650 | 0 | |a Viajes |9 257115 | |
| 650 | 0 | |a Expediciones científicas |9 265222 | |
| 650 | 0 | |a Descubrimientos geográficos |9 331933 | |
| 650 | 0 | |a Antropología cultural y social |9 265143 | |
| 650 | 7 | |a GLOSARIO INGLES JAPONES |2 CL-VaPUC |9 517102 | |
| 650 | 7 | |a GLOSARIO INGLES COREANO |2 CL-VaPUC |9 517103 | |
| 650 | 7 | |a EX LIBRIS |2 CL-VaPUC |9 505186 | |
| 651 | 0 | |a China |9 257545 | |
| 651 | 7 | |a COREA |2 CL-VaPUC |9 317315 | |
| 856 | 7 | |f UCJ8325_01.jpg |u http://opac.pucv.cl/pucv_img/Img-8000/UCJ8325_01.jpg |q JEPG |2 file |z ilustración: sulphur island | |
| 583 | |a last modification |c 20070124 00:00:00 |k Rodrigo Vera | ||
| 999 | |c 324094 |d 324092 | ||
| 952 | |0 0 |1 0 |4 0 |6 910_400000000000000_HAL_1818 |7 0 |8 X |9 404000 |a FDOBUD |b FDOBUD |d 2019-11-22 |i 1069535 |o 910.4 HAL 1818 |p 1069535 |r 2019-11-22 |w 2019-11-22 |y BK_X |k BUD | ||